Las inscripciones registrales de las Cajas de Ahorros

Detalles Bibliográficos
Autor principal: Martn̕ez Martn̕ez, Mara̕ Teresa
Formato: Desconocido
Lenguaje:español
Publicado: Madrid : Edersa, D.L. 2002
Materias:
Acceso en línea:Acceso restringido

MARC

LEADER 00000ny a22000003n 4500
005 20110601134415.0
008 030225s2002 sp s 000 0 spa
017 |a D.L. M.42863-2002 
020 |a 848494056X 
035 |a 1657 
040 |a SpMaUCDE  |d vLex 
040 |a UMA.RE  |d vLex 
080 |a 336.72(460) 
090 |c 406  |d 406 
100 1 |a Martn̕ez Martn̕ez, Mara̕ Teresa 
245 1 4 |a Las inscripciones registrales de las Cajas de Ahorros  |h [Recurso electrn̤ico]  |c Mara̕ Teresa Martn̕ez Martn̕ez 
256 |a Servicio en ln̕ea 
260 |a Madrid :  |b Edersa,  |c D.L. 2002 
300 |a 184 p. ;  |c 21 cm 
506 1 |a Contenido solo disponible en los productos indicados  |d vLex Global  |d vLex Global (Academic Edition, excluding Law Schools)  |d vLex Global (U.S. Academic Edition, Law Schools)  |d vLex Global (U.S. Academic Edition, excluding Law Schools)  |d vLex Global (Academic Edition, Law Schools) 
650 0 7 |a Inscripcin̤ registral  |2 Tesauro vLex 
650 0 7 |a Cajas de ahorros  |2 Tesauro vLex 
740 0 |a vLex Libros (Servicios en ln̕ea) 
856 4 0 |u http://vlex.com/source/1657  |z Acceso restringido 
942 |c BOOK 
999 0 |a Savings banks  |b Madrid